000 00530nam a2200169Ia 4500
003 GCL
008 140319s9999 xx 000 0 ara d
040 _aGCL /
_cGCL
082 0 4 _a235.4
_bاس
100 1 _aابوالاشعث السجتانى الازدى
245 1 0 _aسنن ابى داود /
_cابوالاشعث السجتانى الازدى
260 _a[S.N] :
_bالمكتبة العصرية للنشر والتوزيع
490 _a
650 0 4 _aالحديث
650 0 4 _aسنن ابى داود
942 _2ddc
_cBK
999 _c54470
_d54470